| 000 | 00807nas a2200289 4500 | ||
|---|---|---|---|
| 001 | BR2013010043 | ||
| 003 | BR-BrBNA | ||
| 005 | 20231205123404.0 | ||
| 007 | ta | ||
| 008 | 230509b bl.|||p| |||| 00| 00por d | ||
| 040 |
_aBR-BrBNA _bpor _cBiblioteca Nacional de Agricultura |
||
| 041 | _a(En) | ||
| 072 | _aK50 | ||
| 100 | 1 | _aAndrade, M.F. | |
| 100 | 1 | _aColodette, J.L. | |
| 100 | 1 | _aOliveira, F.N. | |
| 245 | 1 | _aEvaluation of bleachability on pine and eucalyptus kraft pulps | |
| 650 | _aPINHEIRO | ||
| 650 | _aEUCALIPTO | ||
| 650 | _aCLARIFICAÇÃO | ||
| 650 | _aPOLPA | ||
| 650 | _aLIXIVIAÇÃO | ||
| 650 | _aLIGNINA | ||
| 773 | 0 |
_tCerne (Brazil) _xISSN 0104-7760 _g(Jul-Sep 2013), v. 19(3) p. 433-439 _wBR2013010043 |
|
| 909 |
_a202311 _bLúcia _c55 _dLúcia Elande |
||
| 942 |
_2AGRIS _n0 _cANA |
||
| 999 |
_c233629 _d233629 |
||